Регионална библиотека "Любен Каравелов" - Русе

Йордан Йовков (1880 - 1937) (Запис номер 159638)

MARC детайли
000 -Лидер
Контролно поле с фиксирана дължина 02623nam a2200481 c 4500
003 - Код на организацията, давaща контролен номер
Контролно поле BLK
005 - Дата и час на последна редакция
Контролно поле 20241025005439.0
008 - Елементи от данни с фиксирана дължина
fixed length control field 180410b bul|||||r ||||||| ||bul||
010 ## - Наследен системен номер
LC control number KNG00166811000
020 ## - Международен стандартен номер на книга ISBN
Международен стандартен номер на книга ISBN 978-954-400-791-1
040 ## - Източник на каталожния запис
Идентификатор на билиотеката - собственик на записа BLK
041 ## - Код за език
Код за езика на текст/звукозапис или на отделно заглавие Български
Код за езика КДБФ Български
072 #7 - Код за тематичната категория
Код организация bullib
Код за тематична категория Н82
Текст Литературознание Н
080 ## - УДК
Текстов определител УДК Българска литература
УДК код - определител по УДК 821.163.2
УДК определител (092)
УДК - код + определител 821.163.2(092)
080 ## - УДК
Текстов определител УДК Български писател
УДК код - определител по УДК 929 Йовков, Йордан Стефанов
УДК - код + определител 929 Йовков, Йордан Стефанов
100 ## - Редна дума - Автор
R(LIN) 377195
Автор Атанасова, Сия
Автор - информация (биография) Сарандева, Сия Атанасова
139 ## - Редно поле
Редна дума Атанасова, Сия и др.
Авторски знак Иовк - И 77
245 10 - Сведения за заглавието
Заглавие Йордан Йовков (1880 - 1937)
Подзаглавни данни Летопис на неговия живот и творчество : Т. 1 -
Редно поле (дума) състав. Сия Атанасова, Кремена Митева ; отг. ред. Иван Сарандев.
Том Т. 1
Заглавие на том 1880 - 1926
257 ## - Страна на издаване
Страна на създаване/издаване България
260 ## - Област на издателските данни
Място на издаване, разпространение и проч. В. Търново
Име на издателя, разпространителя и проч. Фабер
Година на издаване 2013
9 (RLIN) 209950
Издателство - префикс ISBN 978-619-00- ; 978-954-400- ; 978-954-775- ; 954-9541-
300 ## - Физическа характеристика
Страници 400 с., 8 л. : с ил., портр, факс.
Размери/Мащаб 24 см
380 ## - Жанр
Жанр Литературознание
500 ## - Общи забележки
Забележка Пълното име на първата състав. е Сия Атанасова Сарандева. - Трудните победи на таланта / Иван Сарандев : с. 9-17. - Именен показалец.
504 ## - Забележка за наличие на библиография и др
Забележка за наличие на библиография и под. Библиогр.: с. 355-369
600 #0 - Име на лице, използвано като предмет
За него / За нея Йовков, Йордан Стефанов
Свързани дати 1880-1937
Друга информация Писател класик - белетрист, драматург, майстор на късия разказ
9 (RLIN) 363298
650 #4 - Допълнително описание по предмет – тема
Основно описание – тема или топоним Йовков, Йордан Стефанов
9 (RLIN) 363298
650 #0 - Допълнително описание по предмет – тема
Основно описание – тема или топоним Писатели, български - биографии
9 (RLIN) 243085
651 #4 - Допълнително описание по предмет - топоним
Географско понятие България
9 (RLIN) 241624
653 ## - Ключова дума – ненормативна
Ключова дума Йордан Йовков
653 ## - Ключова дума – ненормативна
Ключова дума биографии
653 ## - Ключова дума – ненормативна
Ключова дума български писатели
659 ## - Тематичен бюлетин
Тематичен бюлетин Н
700 ## - Други автори (авторска отговорност)
Лично име Атанасова, Сия
Друга информация Сарандева, Сия Атанасова
9 (RLIN) 377195
700 ## - Други автори (авторска отговорност)
Лично име Митева, Кремена Иванова
Друга информация Литературовед. Филолог, стара българска литература.
9 (RLIN) 373911
700 1# - Други автори (авторска отговорност)
Лично име Сарандев, Иван Атанасов
9 (RLIN) 118951
852 ## - Местоположение
Форматна сигнатура Цб 271303
856 4# - Електронен адрес и достъп
Електронен формат pdf - файл
856 4# - Електронен адрес и достъп
Електронен формат pdf - файл
942 ## - АРТИКУЛИ
Вид на библиотечния материал Книги
Скрит в OPAC Не
Koha issues (borrowed), all copies 3
944 ## - СЪЗДАВАНЕ И РЕДАКЦИЯ на ЗАПИСА
Създаване/Редакция Създаване
Дата на регистрацията/редакция 04.11.2014
Статус, дата на статуса CRON CRON
Служител, извършил регистрацията/редакцията
944 ## - СЪЗДАВАНЕ И РЕДАКЦИЯ на ЗАПИСА
Създаване/Редакция Редакция
Дата на регистрацията/редакция 25.07.2016
Статус, дата на статуса ф /
Служител, извършил регистрацията/редакцията Людмила_Стоянова
999 ## - СИСТЕМНИ КОНТРОЛНИ НОМЕРА
Koha biblionumber 159638
Koha biblioitemnumber 159638
999 ## - СИСТЕМНИ КОНТРОЛНИ НОМЕРА
Koha biblioitemnumber 159638
Наличности
Код за отписване Код за изгубен артикул Източник на класификационната схема Код за повреда Коз за рестрикции Код за отдаване Артикулен № Име на библиотеката - собственик Име на библиотеката, в която се намира в момента Статус (Текущо местоположение) Дата на вписване в системата Местоположение - отдел Цена в лева Инвентарен номер Систематично азбучна сигнатура Баркод Номер на екземпляра Цена в евро Служебна бележка Служебен тип на артикула
  Не е изгубен Universal Decimal Classification Не е повреден само за читалня ползва се в читалня 266796 Регионална библиотека "Любен Каравелов" Русе Регионална библиотека "Любен Каравелов" Русе СБИД 2014-11-06 СБИД 24.95 120000782064 С 821/Й 77 Й 120000782064 1 12.76 Дост: Pk Вид: Ф N: 415 Дата: 06.11.2014 Дата инв: 07.06.2017 Бележки инв: С2017 Книги
  Не е изгубен Universal Decimal Classification Не е повреден без рестрикции ползва се в читалня 266797 Регионална библиотека "Любен Каравелов" Русе Регионална библиотека "Любен Каравелов" Русе Читалня - справочен фонд 2014-11-06 Читалня 24.95 120000782065 СЧ 886.7(092)/И 77 120000782065 2 12.76 Дост: Pk Вид: Ф N: 415 Дата: 06.11.2014 Дата инв: 27.03.2017 Бележки инв: СЧ2017 Книги
  Не е изгубен   Не е повреден без рестрикции ползва се в читалня 266798 Регионална библиотека "Любен Каравелов" Русе Регионална библиотека "Любен Каравелов" Русе Хранилище 2014-11-11 Хранилище 24.95 120000782187 Цб 271303 120000782187 3 12.76 Дост: Dp Вид: Д N: 7 Дата: 05.02.2014 Книги
  Не е изгубен Universal Decimal Classification Не е повреден без рестрикции заемане за дома 266799 Регионална библиотека "Любен Каравелов" Русе Регионална библиотека "Любен Каравелов" Русе Заемна - подръчен фонд 2015-02-20 Заемна - подръчен фонд 24.95 120000785637 821.163.2.09(092)/И 77 120000785637 4 12.76 Дост: DA Вид: А N: 5 Дата: 20.02.2015 Дата инв: 16.02.2018 Бележки инв: СП2018 Книги
  Не е изгубен Universal Decimal Classification Не е повреден без рестрикции заемане за дома 266800 Регионална библиотека "Любен Каравелов" Русе Регионална библиотека "Любен Каравелов" Русе Заемна - подръчен фонд 2016-06-20 Заемна - подръчен фонд 24.95 120000801250 821.163.2.09(092)/П 18 И 120000801250 5 12.76 Дост: DA Вид: А N: 22 Дата: 20.06.2016 Дата инв: 07.02.2018 Бележки инв: П2018 Книги
Vip Innovations Ltd, Rousse, Bulgaria 2025